00773 2200241 4500001002100000005001500021035002000036007000300056008004100059020001800100082000800118084001400126100002200140245004100162300003000203520014400233264004400377336002100421337003000442338002300472600002000495990001600515INLIS00000000000000320260408030514 a0010-0426000002ta260408 e 1 ind  a9786235953991 a899 a899 ITA e0 aItakrnePengarang1 aEcceden Tesiast 2 /cPenulis, Itakrn a252 :bIlustrasi ;c20 cm aBagi Aily, Canva adaklah segalahnya. Meninggalnya Canva Menjadi luka terbesar dalam hidup Aily, Membuat lubang tak kasat mata daam hatinya. aDepok :bPT Akad Media Cakrawala,c2024 2rdacontentaTeks 2rdamediaaTanpa Perantara 2rdacarrieraVolume 4aFiksi Indonesia aPP000002/25